Fichas para la reeducación de dislexias I: método para prevenir y corregir dificultades en lectura y escritura
Na minha lista:
| Principais autores: | , |
|---|---|
| Formato: | Livro |
| Idioma: | espanhol |
| Publicado em: |
Madrid
Ciencias de la Educación Preescolar y Especial
1982
|
| coleção: | Colección cuadernos de recuperación
|
| Assuntos: | |
| Tags: |
Adicionar Tag
Sem tags, seja o primeiro a adicionar uma tag!
|
MARC
| LEADER | 00000nam a2200000 a 4500 | ||
|---|---|---|---|
| 001 | UCY8842 | ||
| 003 | CL-VaPUC | ||
| 008 | 950707e19820000SP |||||||||||||||||spa|d | ||
| 082 | 0 | 4 | |a 371.914 |b PEL |2 21 |
| 100 | 0 | |a Pelarda de Rueda, Mariana |e author |9 340553 | |
| 700 | 0 | |a Gómez Alvarez, Albertina |e author |9 340554 | |
| 245 | 1 | 0 | |a Fichas para la reeducación de dislexias I: método para prevenir y corregir dificultades en lectura y escritura |
| 300 | |a 272 p | ||
| 942 | |c BK | ||
| 945 | |d 19950707 00:00:00 |a mfernand | ||
| 260 | |a Madrid |b Ciencias de la Educación Preescolar y Especial |c 1982 | ||
| 650 | 0 | |a Educación especial |9 307486 | |
| 650 | 0 | |a Dislexia |9 307487 | |
| 650 | 7 | |a DISLEXICOS |2 CL-VaPUC |9 340555 | |
| 583 | |a last modification |c 19950707 00:00:00 |k Rodrigo Vera | ||
| 490 | 0 | |a Colección cuadernos de recuperación | |
| 999 | |c 236029 |d 236027 | ||
| 952 | |0 0 |1 0 |4 0 |6 371_914000000000000_PEL_1982 |7 0 |8 P |9 243842 |a BIBEDU |b BIBEDU |c BIBEDU_PB |d 2019-11-18 |i 1530518 |o 371.914 PEL 1982 |p 1530518 |r 2024-01-25 |w 2019-11-18 |y BK |k EDU | ||